000 01215nam a2200289 i 4500
001 bg
003 BPK
005 20200428143120.0
008 070717s1972 pl a f |000 0 pol
015 _aPB 1972/2906
040 _aWA N
_cBPK
080 _a51
080 _a(07)
100 1 _aLeitner, Roman
_d(1914-2008).
_eAutor
245 1 0 _aMatematyka :
_bkurs przygowawczy na wyższe uczelnie techniczne.
_nCz. 2,
_p[Planimetria, trygonometria, stereometria, geometria analityczna, rachunek prawdopodobieństwa] /
_cRoman Leitner, Wojciech Żakowski.
246 3 0 _aPlanimetria, trygonometria, stereometria, geometria analityczna, rachunek prawdopodobieństwa
250 _aWyd. 7.
260 _aWarszawa :
_bWydawnictwa Naukowo-Techniczne,
_c1972.
300 _a457, [1] s. :
_bil. ;
_c23 cm.
650 4 _aMatematyka
_xszkoły średnie.
655 4 _aPodręczniki dla szkół średnich
650 4 _aEgzaminy do szkół wyższych
710 2 _aWydawnictwa Naukowo-Techniczne
_4pbl.
700 1 _aŻakowski, Wojciech
_d(1929-1993)
_eAutor
856 _uhttp://koha.tu.koszalin.pl/cgi-bin/koha/opac-detail.pl?biblionumber=1824
_yKatalog online BPK
942 _2UKD
_cKS
999 _c1824
_d1824